| 000 | 00716nam a22002171a 4500 | ||
|---|---|---|---|
| 003 | OSt | ||
| 005 | 20240223110108.0 | ||
| 008 | 180215t2014 pk g 000 d urd d | ||
| 020 |
_a9789693519983 _cRs. 500.00 |
||
| 020 |
_a9693519981 _cRs. 500.00 |
||
| 040 | _c0 | ||
| 082 |
_a891.4392 _bBAN 2014 |
||
| 100 | 0 |
_aبانوقدسیہ _9121226 |
|
| 245 | 1 | 0 |
_aچھوٹاشہربڑےلوگ _b ڈرامے _cBano Qudsia |
| 246 |
_aChutta shehar bary log _bDrama |
||
| 260 |
_aLahore: _bSang e Meel Pub; _c2004. |
||
| 300 | _a360 p. | ||
| 650 |
_aUrdu literature _vDramas. _9121227 |
||
| 942 |
_2ddc _cBK _aSADA _k891.4392 BAN 2014 |
||
| 999 |
_c608082 _d608082 |
||